Central Library OPAC University of Rajshahi

Flame photometry : (Record no. 69558)

MARC details
000 -LEADER
fixed length control field 00740nam a2200229 a 4500
001 - CONTROL NUMBER
control field 69558
003 - CONTROL NUMBER IDENTIFIER
rucl marc code BD-RjUL
005 - DATE AND TIME OF LATEST TRANSACTION
control field 20211209081913.0
008 - FIXED-LENGTH DATA ELEMENTS--GENERAL INFORMATION
fixed length control field 170412s1957 enka b 001 0 eng d
035 ## - SYSTEM CONTROL NUMBER
System control number (BD-RjUL)69770
040 ## - CATALOGING SOURCE
Original cataloging agency DLC/ICU
Transcribing agency CGU
Modifying agency BD-RjUL
Language of cataloging eng
041 1# - LANGUAGE CODE
Language code of text/sound track or separate title engspa
082 0# - DEWEY DECIMAL CLASSIFICATION NUMBER
Classification number 541.35
Edition number 23
Author mark and year BUF 1964
100 1# - MAIN ENTRY--PERSONAL NAME
Personal name Burriel-Martí, F.
Fuller form of name (Fernando).
9 (RLIN) 206035
245 00 - TITLE STATEMENT
Title Flame photometry :
Remainder of title a manual of methods and applications /
Statement of responsibility, etc. by F. Burriel-Martí and J. Ramírez-Muñoz.
260 ## - PUBLICATION, DISTRIBUTION, ETC. (IMPRINT)
Place of publication, distribution, etc. Amsterdam :
Name of publisher, distributor, etc. Elsevier,
Date of publication, distribution, etc. 1964.
300 ## - PHYSICAL DESCRIPTION
Pagination 531 p. :
Illustrations ill. ;
Size 24 cm.
504 ## - BIBLIOGRAPHY, ETC. NOTE
Bibliography, etc Includes bibliography and index
650 #0 - SUBJECT ADDED ENTRY--TOPICAL TERM
Topical term or geographic name as entry element Flame photometry.
9 (RLIN) 206036
700 1# - ADDED ENTRY--PERSONAL NAME
Personal name Ramírez-Muñoz, J.
Fuller form of name (Juan)
942 ## - ADDED ENTRY ELEMENTS (KOHA)
Source of classification or shelving scheme Dewey Decimal Classification
Koha item type Books
Holdings
Lost status Source of classification or shelving scheme Damaged status Not for loan Collection code Permanent Location Current Location Shelving location Date acquired Source of acquisition Cost, normal purchase price Total Checkouts Full call number Date last seen Copy number Koha item type
  Dewey Decimal Classification   Not For Loan Non-fiction Central Library, University of Rajshahi Central Library, University of Rajshahi Reading Room 03/09/1973 Book Centre 131.50   541.35 BUF 1964 12/04/2017 C-1 Books